000 00740nam a22002292 4500
001 0000008607
005 20151217152037.0
008 080505s xx 000 0 eng d
020 _a8123915043 :
_cKES 3300
040 _aKABU
_cKABU
245 1 0 _aHandbook of medicenal plants /
_cZohara Yaniv, Uriel Bachrach, editors.
260 _aNew Delhi :
_bCBS,
_c2007.
300 _axxi, 500 p.
650 0 _aPlants, Medicinal.
_@0000159254
650 0 _aMedicinal plants
_xHandbooks, manuals, etc.
_@0000159255
700 1 _aYaniv, Zohara.
_@0000159256
700 1 _aBachrach, Uriel.
_@0000159257
908 _a080505
950 _@1
999 _c7648
_d7648